ALE-Electores y Reyes de Hannover - Estadísticas

Estadísticas generales
  • Esta prueba ha sido intentada 12 veces
  • La puntuación promedio es 6 de 8
Estadísticas de respuestas
Periodo Elector/Rey % Correcto
1830-1837 Guillermo IV
90%
1708-1727 Jorge I
80%
1727-1760 Jorge II
80%
1760-1806 Jorge III
80%
1814-1820 Jorge III
80%
1820-1830 Jorge IV
80%
1851-1866 Jorge V
80%
1837-1851 Ernesto Augusto
0%
No se encontraron pruebas coincidentes
Distribución de puntuación
Porcentaje de gente con cada puntuación
Porcentaje por número respondido
Historial de tus puntuaciones
No has intentado esta prueba.